LEADER 01101nam a2200265 i 4500 001 000000138745 003 CaOOAMICUS 005 20231106145628.0 008 050510s1968 it u000 u ita u 040 $aSeMil$bita 100 1 $aRossi-Landi, Ferruccio,$d<1921-1985>.$0(OLS)http://semarc/name/33851 245 13$aIl linguaggio come lavoro e come mercato /$cFerruccio Rossi-Landi. 250 $a2. ed. riveduta e ampliata. 264 1$aMilano :$bBompiani,$c1968. 300 $a273 p. ;$c22 cm. 490 1 $aNuovi saggi italiani ;$v2 650 4$aLinguistica - Aspetti socio-culturali.$0(OLS)http://semarc/subject/28985 650 4$aSemiotica.$0(OLS)http://semarc/subject/2069 830 0$aNuovi saggi italiani ;$v2.$0(OLS)http://semarc/title/17444 850 $aSeMil 852 $aSeMil$W1$xVenegono$y1$m1P III 2$j244123$B92225$CSeMilBibl$Z2$F97330 $81 961 $aLascito: Corradi mons. Enrico 996 $6245$aIl linguaggio come lavoro e come mercato$9(OLS)http://semarc/title/202837 996 $6264$aMilano :$bBompiani$9(OLS)http://semarc/publisher/29706 LEADER 01329nam a2200301 i 4500 001 000000077585 003 CaOOAMICUS 005 20010723000000.0 008 010723s1974 fr u000 u fre u 013 $a48757 040 $aSeMil$bita 100 1 $aSagne, Jean-Claude.$0(OLS)http://semarc/name/20043 245 10$aConflit changement conversion :$bvers une éthique de la réciprocité /$cJean-Claude Sagne ; préface de J.-Y. Jolif. 260 $aParis :$bCerf :$bDesclée & Cie,$c1974. 300 $a175 p. ;$c22 cm. 490 0 $aCogitatio Fidei [Cerf]v78 490 0 $aRecherches morales 500 $aContiene : Bibliographie. 650 4$aTeologia morale.$0(OLS)http://semarc/subject/91 650 4$aConversione.$0(OLS)http://semarc/subject/6040 700 1 $aJolif, Jean-Yves,$c.$0(OLS)http://semarc/name/5578 830 0$aCogitatio Fidei ;$v78.$0(OLS)http://semarc/title/206 830 0$aRecherches morales.$0(OLS)http://semarc/title/6008 850 $aSeMil 852 $aSeMil$W1$xVenegono$y1$m2BA N 78$j43737$B43737$CSeMilBibl$Z2$F43274 $81 961 $aAcquisto: Cerf (Éditions) 996 $6245$aConflit changement conversion :$bvers une éthique de la réciprocité$9(OLS)http://semarc/title/126025 996 $6260$aParis :$bCerf :$bDesclée & Cie$9(OLS)http://semarc/publisher/43344